| 000 | 00478nam a2200169 a 4500 | ||
|---|---|---|---|
| 001 | 000041132 | ||
| 005 | 20201002034638.0 | ||
| 008 | 111020s1973 sp 001 0 spa d | ||
| 040 |
_aDO-SdBNP _bspa _cBNPHU |
||
| 082 |
_axxx _bxxx |
||
| 100 | 1 |
_aOrtega y Gasset, José _961150 |
|
| 245 | 1 | 0 |
_a¿Que es la filosofía? / _cJosé Ortega y Gasset. |
| 260 |
_aMadrid : _bEspasa-Carpe. |
||
| 300 |
_a219 [16] p. ; _c19 cm. |
||
| 490 | 1 |
_aAustral _v1551 |
|
| 830 | 0 |
_aAustral _n1551 _967678 |
|
| 999 |
_c40622 _d40622 |
||